Score 0/22 Timer 02:00
2 Plays Today
Clue 4-letter word % Correct
◈ Magical stick used to cast spells ◈WAND
94.4%
Slowest, in a raceLAST
94%
Organized; tidyNEAT
93.6%
___ We ForgetLEST
92.9%
You might have one if you break a limbCAST
92.7%
Group of musiciansBAND
92.5%
Strike violently and repeatedlyBEAT
90.6%
Most suitableBEST
90%
◈ Mr. Scamander has one of these full of beasts ◈
OR 24 cans of beer
CASE
89.9%
◈ Mr. Scamander ◈
OR tailed amphibian
NEWT
87.7%
Camping shelterTENT
86.9%
Clue 4-letter word % Correct
Force into an angleBEND
85.5%
Mr. Peanut propCANE
83.5%
To weakenWANE
82.2%
Shade of a colorTINT
80.7%
◈ Ms. Goldstein ◈
OR 'Bossypants' memoirist Fey
TINA
76.8%
Goddess of the moonLUNA
73.8%
Mackerel relativeTUNA
72.9%
'Girls' creator DunhamLENA
68.5%
Steam outletVENT
65.6%
Put for saleVEND
63.3%
◈ ___ Lestrange, Mr. Scamander's former love ◈
OR '___ _ Smile Be Your Umbrella'
LETA
59.6%

Today's Daily Dose

Remove Ads.
Support Sporcle.
Get the best of Sporcle when you Go Orange. This ad-free experience offers more features, more stats, and more fun while also helping to support Sporcle. Thank you for becoming a member.

You're not logged in!

Compare scores with friends on all Sporcle quizzes.
OR
Log In

Show Comments

Extras

Top Quizzes Today


Score Distribution

Your Account Isn't Verified!

In order to create a playlist on Sporcle, you need to verify the email address you used during registration. Go to your Sporcle Settings to finish the process.

Report this User

Report this user for behavior that violates our Community Guidelines.

Details: